00721nam a2200193Ia 4500008004100000100001800041245011600059245005000175260003000225260000900255300003600264440005700300650002100357650002000378650001400398650002400412999001900436952007200455190427s9999 xx 000 0 und d aSira, Natalia aBuilding aliance for pre-school inclusion: Parents of typically developing children, attitudes and perceptions/ cNatalia Sira, Erica Maine and Sarah McNeil.-- bTaylor and Francis Group  c2018 apages 32-49, January-March 2018 aJournal of Early Childhood Teacher Education v39(1) aDay Care Teacher aEarly Childhood aInclusion aParenting Education c361693d361693 001040aCLbCLd2019-04-27l0r2019-04-27 00:00:00w2019-04-27ySE